| 000 | 00770nam a22002057a 4500 | ||
|---|---|---|---|
| 999 |
_c20035 _d20035 |
||
| 003 | AR-CdUCM | ||
| 008 | 190524b ||||| |||| 00| 0 spa d | ||
| 040 |
_aMUNICIPALIDAD PROVINCIAL DEL CUSCO _cBIBLIOTECA MUNICIPAL DEL CUSCO |
||
| 082 |
_a720.985 / V32 _bV32 |
||
| 100 |
_aVelarde, Héctor _9717 |
||
| 245 |
_aObras completas de Héctor Velarde : _bEnsayos artículos estéticos / |
||
| 260 |
_aLima : _bFrancisco moncloa, _c1966. |
||
| 300 |
_a344 páginas ; _bFotografías a b/n _c22 cm. |
||
| 505 | _aContenido: Yo quiero ser filosofo -- Fragmentos de espacio -- El circo de Pitagoras... | ||
| 650 |
_aObras de Velarde _941911 |
||
| 650 |
_aArtículos estéticos de Velarde _941912 |
||
| 650 |
_aEnsayos de Velarde _941913 |
||
| 942 |
_2ddc _cLIBROS |
||
| 945 | _aAndy | ||